000 00847nam a2200253 a 4500
008
049 _aMAIN
090 _aQL739.2
_bJOH
100 1 _aJohnson, M. H.
245 1 0 _aEssential reproduction /
_cMartin H. Johnson, Barry J. Everitt.
250 _a3rd ed.
260 _aOxford :
_bBlackwell Scientific Publications,
_c1988.
300 _axi, 377 p., [2] p. of plates :
_bill. ;
_c25 cm.
500 _a"Distributed in the USA and Canada by Blackwell/Year Book Medical Publishers, Inc."--Label on t.p.
504 _aIncludes bibliographical references.
500 _aIncludes index.
650 0 _aMammals
_xReproduction.
700 1 _aEveritt, Barry J.
907 _a.b10172464
_b18-02-13
_c19-08-05
003
005 20230123134054.0
040 _cNUST
942 _cBOOKS
_kQL739.2
_mJOH
999 _c159529
_d159529